THE POLITICS OF POWER: (Record no. 9780)
[ view plain ]
| 000 -LEADER | |
|---|---|
| fixed length control field | 00465nam a22001817a 4500 |
| 003 - CONTROL NUMBER IDENTIFIER | |
| control field | OSt |
| 005 - DATE AND TIME OF LATEST TRANSACTION | |
| control field | 20260512160001.0 |
| 008 - FIXED-LENGTH DATA ELEMENTS--GENERAL INFORMATION | |
| fixed length control field | 260512b |||||||| |||| 00| 0 eng d |
| 020 ## - INTERNATIONAL STANDARD BOOK NUMBER | |
| International Standard Book Number | 0155707353 |
| 040 ## - CATALOGING SOURCE | |
| Transcribing agency | IRDP |
| 082 ## - DEWEY DECIMAL CLASSIFICATION NUMBER | |
| Classification number | 320.974 7 KAT |
| 100 ## - MAIN ENTRY--PERSONAL NAME | |
| Personal name | KATZNELSON, I. |
| 245 ## - TITLE STATEMENT | |
| Title | THE POLITICS OF POWER: |
| Remainder of title | A CRITICAL INTRODUCTION TO AMERICAN GOVERNMENT |
| 250 ## - EDITION STATEMENT | |
| Edition statement | 3rd Ed. |
| 260 ## - PUBLICATION, DISTRIBUTION, ETC. (IMPRINT) | |
| Place of publication, distribution, etc. | LONDON; |
| Name of publisher, distributor, etc. | HBJ, |
| Date of publication, distribution, etc. | 1987. |
| 700 ## - ADDED ENTRY--PERSONAL NAME | |
| Personal name | KESSELMAN, M. |
| 942 ## - ADDED ENTRY ELEMENTS (KOHA) | |
| Source of classification or shelving scheme | Dewey Decimal Classification |
| Koha item type | BOOKS |
| Withdrawn status | Lost status | Source of classification or shelving scheme | Damaged status | Not for loan | Home library | Current library | Shelving location | Date acquired | Total Checkouts | Full call number | Barcode | Date last seen | Price effective from | Koha item type |
|---|---|---|---|---|---|---|---|---|---|---|---|---|---|---|
| Dewey Decimal Classification | Dodoma | Dodoma | Ground Floor | 12/05/2026 | 320.974 7 KAT | LIB002579 | 12/05/2026 | 12/05/2026 | BOOKS |
